[Event "Foment Martinenc op-C 20th"]
[Site "Barcelona"]
[Date "2018.04.28"]
[Round "2"]
[White "Teruel Sanz, Cristina"]
[Black "Esteve Giral, Marti"]
[Result "1-0"]
[WhiteElo "1622"]
[BlackElo "1480"]
[PlyCount "33"]
[EventDate "2018.04.21"]
[EventType "swiss"]
[EventRounds "9"]
[EventCountry "ESP"]
[SourceTitle "CBM 184 Extra"]
[Source "ChessBase"]
[SourceDate "2018.06.28"]
[SourceVersion "1"]
[SourceVersionDate "2018.06.28"]
[SourceQuality "1"]

1. e4 e5 2. Nf3 Nf6 3. Nc3 Nc6 4. Bb5 Be7 5. d3 0-0 6. Nd2 d5 7. 0-0 d4 8. Ne2 a6 9. Bc4 b5 10. Bd5 Nxd5 11. exd5 Qxd5 12. Nf3 Re8 13. Ng3 Nd8 14. Ng5 Bb7 15. Qf3 Qd6 16. Qh5 Qc6 17. Qxh7+ 1-0